[Event "CZE-chT 9798"]
[Site "CZE"]
[Date "1998.04.05"]
[Round "11"]
[White "Ioseliani, Nana"]
[Black "Svatos, Jan"]
[Result "1-0"]
[WhiteElo "2490"]
[BlackElo "2355"]

1.Nf3 Nf6 2.c4 g6 3.g3 Bg7 4.Bg2 O-O 5.O-O c5 6.Nc3 Nc6 7.d4 d6 8.d5 Na5
9.Nd2 a6 10.a3 Bd7 11.Rb1 Qc7 12.b3 b5 13.Qc2 Rab8 14.Bb2 bxc4 15.bxc4 Bh6
16.f4 Ng4 17.Nd1 Rxb2 18.Rxb2 Bg7 19.Rb1 Bd4+ 20.Kh1 e5 21.h3 Ne3 22.Nxe3 Bxe3
23.fxe5 dxe5 24.Ne4 f5 25.d6 Qd8 26.Qd3 Bd4 27.Nxc5 Bc6 28.Ne6 Qxd6 29.Nxf8 e4
30.c5 Qe5 31.Qd1 Kxf8 32.e3 Bxe3 33.Qd8+ Kf7 34.Qxa5 Qxg3 35.Qe1  1-0

[Event "Czerniak mem 14th"]
[Site "Tel Aviv"]
[Date "1998.04.13"]
[Round "5"]
[White "Zifroni, Dov"]
[Black "Manor, Ilan"]
[Result "1/2-1/2"]
[WhiteElo "2500"]
[BlackElo "2530"]

1.Nf3 Nf6 2.c4 g6 3.g3 Bg7 4.Bg2 O-O 5.O-O d5 6.d4 c6 7.Nbd2 Bf5 8.b3 a5
9.Bb2 a4 10.e3 Ne4 11.Nxe4 Bxe4 12.Bh3 axb3 13.axb3 Rxa1 14.Bxa1 Bxf3 15.Qxf3 e6
16.Qe2 Qb6 17.Qa2 Na6 18.Bc3 Ra8 19.Rb1 Nc7 20.Qc2 Ra3 21.Bf1 Qa7 22.Qc1 Ra2
23.Ra1 Rxa1 24.Qxa1 Qxa1 25.Bxa1 b5 26.Bc3 dxc4 27.bxc4 bxc4 28.Bxc4 Nd5
29.Ba5 f5 30.Kf1 Bf8 31.Ke2 c5 32.Kd3 Kf7 33.h3 h5 34.e4 fxe4+ 35.Kxe4 Nf6+
36.Kd3 cxd4 37.Kxd4 Bd6 38.Bd8 Nd7  1/2-1/2

[Event "Serbian-ch 29th"]
[Site "Sabac"]
[Date "1998.04.20"]
[Round "1"]
[White "Arsovic, Goran"]
[Black "Markovic, Miroslav"]
[Result "1/2-1/2"]
[WhiteElo "2475"]
[BlackElo "2540"]

1.Nf3 Nf6 2.c4 g6 3.g3 Bg7 4.Bg2 O-O 5.O-O d6 6.d4 Nc6 7.Nc3 Bg4 8.d5 Na5
9.b3 c5 10.Bb2 a6 11.Nd2 Rb8 12.Qc2 b5 13.Rfe1 e5 14.dxe6 Bxe6 15.cxb5 axb5
16.Nce4 Bf5 17.Qc3 Ne8 18.Qc1 f6 19.Nc3 Nc7 20.Nd5 Be6 21.Nxc7 Qxc7 22.Ne4 Nc6
23.Qd2 Rbd8 24.Nc3 b4 25.Nd5 Qf7 26.Nf4 Ne7 27.Nxe6 Qxe6 28.Rac1 f5 29.Bxg7 Kxg7
30.Red1 Qf6 31.e3 g5 32.Rc4 Ng6 33.a4 bxa3 34.Ra4 f4 35.Rxa3 f3 36.Bf1 Ne5
37.Ra6 Nf7 38.Bc4 Qf5 39.Bxf7 Qh3 40.Qc3+ Kxf7 41.Qc4+ d5 42.Ra7+ Kg6 43.Qa6+ Rd6
44.Qf1 Qxf1+ 45.Kxf1 d4 46.Ra4 Rfd8 47.Rc4 Rd5 48.Ke1 Kf5 49.b4 cxb4 50.Rxb4 Ke4
51.g4 Ke5 52.Rbxd4 Rxd4 53.exd4+ Ke4 54.d5 Rd6 55.Rd2 Rxd5 56.Rxd5 Kxd5 57.Kd1 Kc5
58.Kc2 Kc4  1/2-1/2

[Event "ARG-ch"]
[Site "Buenos Aires"]
[Date "1998.04.22"]
[Round "7"]
[White "Szmetan, Jorge"]
[Black "Alonso, Salvador"]
[Result "1-0"]
[WhiteElo "2420"]
[BlackElo "2390"]

1.Nf3 Nf6 2.c4 g6 3.g3 Bg7 4.Bg2 O-O 5.O-O d5 6.cxd5 Nxd5 7.d4 Nb6 8.Nc3 Nc6
9.e3 e5 10.d5 Na5 11.e4 c6 12.Bg5 f6 13.Be3 cxd5 14.Bxb6 axb6 15.Qxd5+ Kh8
16.Qxd8 Rxd8 17.Nd5 Rd6 18.b4 Nc4 19.Rfc1 Na3 20.Rc7 Nb5 21.Re7 Re6 22.Nxb6 Rxb6
23.Re8+ Bf8 24.Rxf8+ Kg7 25.Rd8 Rd6 26.Rxd6 Nxd6 27.a4 Kf7 28.a5 b6 29.Nd2 bxa5
30.bxa5 Nb7 31.Nc4 Be6 32.Bf1 Bxc4 33.Bxc4+ Ke7 34.a6 Nd6 35.Bd3 Ra7 36.f4 Kd7
37.fxe5 fxe5 38.Ra5 Ke6 39.h4 h6 40.Kf2 g5 41.hxg5 hxg5 42.Kf3 Kf6 43.Kg4 Nf7
44.Rc5 Nd6 45.Rc6 Ke6 46.Bc4+ Kd7 47.Bd5 Nb5 48.Rb6  1-0

[Event "GRE-chT"]
[Site "Poros"]
[Date "1998.04.22"]
[Round "4"]
[White "Foukakis, Theodoros"]
[Black "Darmarakis, Mihail"]
[Result "1/2-1/2"]
[WhiteElo "2180"]
[BlackElo "2145"]

1.Nf3 Nf6 2.c4 g6 3.g3 Bg7 4.Bg2 O-O 5.O-O d6 6.Nc3 Nbd7 7.d4 e5 8.e4 Re8
9.h3 c6 10.Be3 a5 11.Qc2 exd4 12.Nxd4 Nc5 13.Rad1 Qe7 14.Rfe1 Be6 15.b3 h6
16.f4 Rad8 17.Bf2 Bc8 18.e5 dxe5 19.Rxe5 Ne6 20.Nxe6 Bxe6 21.Rde1 Nd7 22.R5e2 Qb4
23.Ne4 a4 24.g4 axb3 25.axb3 Nf6 26.Bh4 Nxe4 27.Bxe4 g5 28.fxg5 hxg5 29.Bxg5 Qc5+
30.Be3 Qe5 31.Bf2 Qc3 32.Qxc3 Bxc3 33.Rc1 Bf6 34.Bb6 Ra8 35.Rce1 Ra6 36.Bc5 Rea8
37.Rf1 Bg7 38.Bf5 Ra2 39.Rxa2 Rxa2 40.Bxe6 fxe6 41.Rf2 Ra1+ 42.Kg2 Rb1 43.Rf3 Rb2+
44.Kf1 Rb1+ 45.Kg2  1/2-1/2

[Event "Boca Juniors op"]
[Site "Buenos Aires"]
[Date "1998.05.08"]
[Round "2"]
[White "Szmetan, Jorge"]
[Black "Podesta, Dardo Ariel"]
[Result "1-0"]
[WhiteElo "2420"]
[BlackElo "2205"]

1.Nf3 Nf6 2.c4 g6 3.g3 Bg7 4.Bg2 O-O 5.O-O c6 6.d4 d5 7.Qb3 dxc4 8.Qxc4 Nbd7
9.Qc2 Re8 10.Rd1 Nb6 11.Nc3 Nfd5 12.e4 Nxc3 13.bxc3 Bg4 14.h3 Bxf3 15.Bxf3 Qc7
16.Rb1 c5 17.Qb3 Rad8 18.Be3 cxd4 19.cxd4 e5 20.d5 Rd6 21.Be2 Rb8 22.Rdc1 Qd8
23.Bc5 Rf6 24.Qa3 Bh6 25.Be7 Bxc1 26.Rxc1 Qd7 27.Bxf6  1-0

[Event "Clichy"]
[Site "Clichy"]
[Date "1998.05.19"]
[Round "4"]
[White "Adrian, Claude"]
[Black "Mrdja, Milan"]
[Result "1/2-1/2"]
[WhiteElo "2335"]
[BlackElo "2380"]

1.Nf3 Nf6 2.c4 g6 3.g3 Bg7 4.Bg2 O-O 5.d4 c6 6.Nc3 d6 7.O-O Qa5 8.e4 e5 9.d5 cxd5
10.cxd5 Bd7 11.a3 Rc8 12.Bd2 Qd8 13.Rc1 Na6 14.h4 Nc7 15.Re1 Nb5 16.Nxb5 Bxb5
17.Bh3  1/2-1/2

[Event "Warsaw-ch"]
[Site "Warsaw"]
[Date "1998.05.29"]
[Round "7"]
[White "Czerwonski, Aleksander"]
[Black "Kosiorek, Marek"]
[Result "1/2-1/2"]
[WhiteElo "2380"]
[BlackElo "2360"]

1.c4 Nf6 2.Nf3 g6 3.g3 Bg7 4.Bg2 O-O 5.O-O c6 6.d4 d5 7.cxd5 cxd5 8.Nc3 Ne4
9.Nxe4 dxe4 10.Ne5 Qd5 11.e3 Bxe5 12.dxe5 Qxe5 13.Qc2 Bf5 14.Bd2 Nc6 15.Bc3 Qe6
16.g4 Bxg4 17.Qxe4 Rfd8 18.Qxe6 Bxe6 19.Bxc6 bxc6 20.Rfd1 Bd5 21.Rd4 c5 22.Rd2 Bf3
23.Rxd8+ Rxd8 24.h4 h6 25.Kh2 g5 26.hxg5 hxg5 27.Kg3 g4 28.e4 Rd3 29.Kf4 Be2
30.Re1 Bf3 31.a3 Kh7 32.Kg5 Kg8 33.Kf4 Kf8 34.Re3 Rd1 35.Re1 Rd3 36.Re3 Rd1
37.Re1 Rd6 38.Rc1 Re6 39.e5 Ra6 40.Rc2 Ra4+ 41.Kg3 Ke8 42.Rd2 Re4 43.Rd5 Rc4
44.Rd3 Ra4 45.Rd2 Ra6 46.Kf4 Ra4+ 47.Kg3  1/2-1/2

[Event "CZE-ch"]
[Site "Zlin"]
[Date "1998.06.15"]
[Round "3"]
[White "Konopka, Michal"]
[Black "Babula, Vlastimil"]
[Result "1/2-1/2"]
[WhiteElo "2445"]
[BlackElo "2555"]

1.Nf3 Nf6 2.c4 g6 3.g3 Bg7 4.Bg2 O-O 5.d4 d6 6.O-O Nc6 7.Nc3 a6 8.h3 Rb8
9.e4 b5 10.e5 Nd7 11.e6 fxe6 12.d5 Nce5 13.Nd4 Nb6 14.cxb5 Nxd5 15.Nxd5 exd5
16.f4 c5 17.Bxd5+ Kh8 18.Ne6 Bxe6 19.Bxe6 Nf7 20.bxa6 Qb6 21.Qe2 Nd8 22.Bc4 Nc6
23.Be3  1/2-1/2

[Event "Budapest FS06 GM"]
[Site "Budapest"]
[Date "1998.06.16"]
[Round "11"]
[White "Vadasz, Laszlo"]
[Black "Borge, Nikolaj"]
[Result "0-1"]
[WhiteElo "2380"]
[BlackElo "2390"]

1.Nf3 Nf6 2.c4 g6 3.g3 Bg7 4.Bg2 O-O 5.O-O d6 6.Nc3 e5 7.d4 Nbd7 8.b3 Re8
9.e4 exd4 10.Nxd4 a6 11.Be3 Rb8 12.f3 Ne5 13.Qc2 c5 14.Nde2 b5 15.cxb5 axb5
16.Rad1 b4 17.Nd5 Ba6 18.Nxf6+ Qxf6 19.Rf2 c4 20.Nf4 Rec8 21.Nd5 Qd8 22.Bd4 cxb3
23.Qxb3 Bc4 24.Qb2 Bxd5 25.exd5 Rc4 26.Kh1 h5 27.Rc2 Qa5 28.f4 b3  0-1

[Event "Keres mem op"]
[Site "Tallin"]
[Date "1998.06.17"]
[Round "4"]
[White "Kengis, Edvins"]
[Black "Sepp, Olav"]
[Result "1-0"]
[WhiteElo "2565"]
[BlackElo "2400"]

1.Nf3 Nf6 2.c4 g6 3.g3 Bg7 4.Bg2 O-O 5.O-O d6 6.d4 Nbd7 7.Nc3 e5 8.Rb1 c6
9.b4 exd4 10.Nxd4 Qe7 11.b5 c5 12.Nc2 Nb6 13.Ne3 Be6 14.Qd3 Rad8 15.a4 Rfe8
16.a5 Nxc4 17.Nxc4 d5 18.Na3 Bf5 19.Qd1 d4 20.Na4 Bxb1 21.Nxb1 c4 22.Ba3 Qxe2
23.Qxe2 Rxe2 24.Bxb7 c3 25.b6 axb6 26.a6 Nd5 27.a7 Nc7 28.Nxb6 c2 29.Nd5 Nxd5
30.Bxd5 Ree8 31.Bc6 cxb1=Q 32.Rxb1 d3 33.Bxe8 d2 34.Bc6 d1=Q+ 35.Rxd1 Rxd1+
36.Kg2  1-0

[Event "Keres mem op"]
[Site "Tallin"]
[Date "1998.06.19"]
[Round "6"]
[White "Sergejev, Roman"]
[Black "Uvarov, Vyacheslav"]
[Result "1-0"]
[WhiteElo "2385"]
[BlackElo "2185"]

1.Nf3 Nf6 2.c4 g6 3.g3 Bg7 4.Bg2 O-O 5.d4 c6 6.Nc3 d5 7.cxd5 cxd5 8.Ne5 Nc6
9.O-O Bf5 10.Nxc6 bxc6 11.Na4 Nd7 12.b3 e5 13.dxe5 Nxe5 14.Bb2 Be4 15.f3 Bf5
16.Qd2 h5 17.Rac1 Qd7 18.Rfd1 Bh3 19.Bh1 Rad8 20.Bd4 Rfe8 21.Rc2 Kh7 22.Qc3 f6
23.f4 Ng4 24.Bf3 h4 25.Qd3 f5 26.Bxg7 Kxg7 27.Rdc1 Rc8 28.Qd4+ Nf6 29.Nc5 Qe7
30.Nd3 Rh8 31.Rxc6 Rxc6 32.Rxc6 Bg4 33.Ne5 Bxf3 34.exf3 Qa3 35.Rc7+ Kg8 36.Qxa7 Qxa7+
37.Rxa7 d4 38.Ra8+  1-0

[Event "Szeged TT06 IM"]
[Site "Szeged"]
[Date "1998.06.21"]
[Round "4"]
[White "Kustar, Sandor"]
[Black "Resika, Nathan A"]
[Result "1-0"]
[WhiteElo "2405"]
[BlackElo "2170"]

1.Nf3 Nf6 2.c4 g6 3.g3 Bg7 4.Bg2 O-O 5.d4 d6 6.O-O c6 7.Nc3 Qa5 8.h3 Be6
9.Qd3 Qa6 10.b3 Rd8 11.Ng5 Bc8 12.Qe3 h6 13.Nge4 Nxe4 14.Qxe4 e5 15.dxe5 dxe5
16.Qh4 g5 17.Qh5 Qa5 18.Ne4 Bf5 19.Qf3 Bg6 20.Nf6+ Kh8 21.Bb2 Nd7 22.Nh5 Bf8
23.Rfd1 Be7 24.h4 Kg8 25.hxg5 hxg5 26.Bc3 Qc7 27.Bh3 e4 28.Rxd7 Rxd7 29.Nf6+ Kf8
30.Nxd7+ Qxd7 31.Qh1 f5 32.Bxf5 Bxf5 33.Qh8+ Kf7 34.Qxa8 e3 35.Qh8 exf2+
36.Kxf2 Bc5+ 37.Ke1 Be7 38.Rd1 Qe6 39.Qe5 Qxe5 40.Bxe5 Ke6 41.Bd4 a5 42.Kf2 g4
43.Rh1 b5 44.Rh6+ Kf7 45.cxb5 cxb5 46.Rh5 Ke6 47.e4  1-0

[Event "RUS-Cup06"]
[Site "Nizhnij Novgorod"]
[Date "1998.06.29"]
[Round "1"]
[White "Sorokin, Maxim"]
[Black "Kovalevskaya, Ekaterina"]
[Result "1/2-1/2"]
[WhiteElo "2555"]
[BlackElo "2390"]

1.Nf3 Nf6 2.c4 g6 3.g3 Bg7 4.Bg2 O-O 5.Nc3 d6 6.d4 Nbd7 7.O-O e5 8.e4 exd4
9.Nxd4 Re8 10.h3 Nc5 11.Re1 a5 12.Ndb5 Nfd7 13.Be3 Ne5 14.Bf1 Be6 15.b3 a4
16.Rc1 axb3 17.axb3 Qc8 18.g4 Nxb3 19.Qxb3 Bxg4 20.f4 Nf3+ 21.Kf2  1/2-1/2

[Event "Politiken Cup"]
[Site "Copenhagen"]
[Date "1998.07.12"]
[Round "8"]
[White "Koskinen, Henri"]
[Black "Lyrberg, Patrik"]
[Result "0-1"]
[WhiteElo "2310"]
[BlackElo "2430"]

1.Nf3 Nf6 2.c4 g6 3.g3 Bg7 4.Bg2 O-O 5.O-O d6 6.d4 Nbd7 7.Nc3 e5 8.e4 a6
9.Rb1 b5 10.cxb5 axb5 11.b4 c6 12.Re1 Bb7 13.d5 cxd5 14.exd5 Nb6 15.Nd2 Qd7
16.Nb3 Rfc8 17.Qd3 Rxc3 18.Qxc3 Nfxd5 19.Qf3 Rc8 20.Na5 Ba8 21.Qd3 Rc3 22.Qd1 f5
23.Bb2 e4 24.Qd2 Rd3 25.Qg5 Nc3 26.Bf1 Nxb1 27.Bxd3 Bxb2 28.Bxb1 Kg7 29.h4 Bf6
30.Qd2 d5 31.Nb3 d4 32.Nc5 Qd6 33.Qf4 Be5 34.Qg5 h6 35.Qd8 Qxd8 36.Ne6+ Kf6
37.Nxd8 Ke7 38.Rc1 Kxd8 39.Rc5 Bd6 40.Rxb5 Kc7 41.h5 Bc6 42.Ra5 Bxb4 43.Ra7+ Kb8
44.Rf7 gxh5 45.Rf6 d3 46.a3 Bxa3  0-1

[Event "RUS-Cup07"]
[Site "Tomsk"]
[Date "1998.07.18"]
[Round "4"]
[White "Vaulin, Alexander"]
[Black "Chigvintsev, Andrei"]
[Result "0-1"]
[WhiteElo "2535"]
[BlackElo "2395"]

1.Nf3 Nf6 2.c4 g6 3.g3 Bg7 4.Bg2 O-O 5.d4 d6 6.O-O Nc6 7.Nc3 a6 8.d5 Na5
9.b3 b5 10.Nd4 b4 11.Ne4 Nxe4 12.Bxe4 Bh3 13.Re1 e5 14.Nc2 f5 15.Bg2 Bxg2
16.Kxg2 f4 17.Bd2 Qf6 18.Bxb4 Nb7 19.Rb1 Rae8 20.f3 e4 21.g4 h5 22.gxh5 Re5
23.Kh1 Rxh5 24.Rg1 Rxh2+ 25.Kxh2 Qh4+ 26.Kg2 Rf5 27.e3 Rg5+ 28.Kf1 Qh3+  0-1

[Event "Saitek US Masters"]
[Site "Hawaii"]
[Date "1998.07.25"]
[Round "5"]
[White "Zaremba, Andre"]
[Black "Rubsamen, Cornelius"]
[Result "1-0"]
[WhiteElo "2245"]
[BlackElo "2110"]

1.Nf3 Nf6 2.c4 g6 3.g3 Bg7 4.Bg2 O-O 5.O-O d6 6.Nc3 Nc6 7.d3 e5 8.Rb1 a5
9.a3 h6 10.b4 axb4 11.axb4 Be6 12.b5 Ne7 13.Qc2 Qd7 14.c5 Ned5 15.Nxd5 Bxd5
16.e4 Be6 17.c6 Qc8 18.d4 bxc6 19.dxe5 Nxe4 20.Qxe4 Bf5 21.Qb4 Rb8 22.Nd4 Bxb1
23.Qxb1 cxb5 24.Nc6 Qd7 25.Nxb8 Rxb8 26.exd6 Qxd6 27.Bf4 Be5 28.Rd1 Qf6 29.Bxe5 Qxe5
30.Rd7 Re8 31.Bd5 Qe1+ 32.Qxe1 Rxe1+ 33.Kg2 c5 34.Bxf7+ Kf8 35.Bxg6 Re6 36.Bf5 Re5
37.g4 c4 38.Rc7 Re2 39.Rc5  1-0

[Event "Quebec op"]
[Site "Montreal"]
[Date "1998.07.27"]
[Round "3"]
[White "Nogueiras, Jesus"]
[Black "Nataf, Igor Alexandre"]
[Result "1/2-1/2"]
[WhiteElo "2520"]
[BlackElo "2485"]

1.Nf3 Nf6 2.c4 g6 3.g3 Bg7 4.Bg2 O-O 5.O-O d6 6.Nc3 e5 7.d4 Nbd7 8.h3 Re8
9.dxe5 dxe5 10.Be3 c6 11.Qd2 Qe7 12.Ng5 Nb6 13.b3 Rd8 14.Qc1 h6 15.Nf3 Kh7
16.a4 Nbd7 17.a5 Nc5 18.Qa3 Bf8 19.Rfd1 Re8 20.Nd2 a6 21.Bxc5 Qxc5 22.Qxc5 Bxc5
23.Nde4 Nxe4 24.Nxe4 Be7 25.Nd6 Bxd6 26.Rxd6 Be6 27.Rad1 Kg7 28.c5 Kf8 29.b4 Ke7
30.e3 Red8 31.f4 f6 32.fxe5 fxe5 33.Be4 Bxh3 34.Rxd8 Rxd8 35.Rxd8 Kxd8 36.Bxg6 Bg4
37.Kf2 Ke7 38.Be4 Ke6 39.Bc2  1/2-1/2

[Event "Quebec op"]
[Site "Montreal"]
[Date "1998.07.30"]
[Round "6"]
[White "Nogueiras, Jesus"]
[Black "Drozdov, Igor"]
[Result "1/2-1/2"]
[WhiteElo "2520"]
[BlackElo "2440"]

1.Nf3 Nf6 2.c4 g6 3.g3 Bg7 4.Bg2 O-O 5.O-O d6 6.Nc3 e5 7.d4 Nbd7 8.h3 exd4
9.Nxd4 Re8 10.e4 Nc5 11.Re1 h6 12.Rb1 Rb8 13.Nb3 Nxb3 14.axb3 Bd7 15.Ra1 a6
16.Be3 Qc8 17.g4 Bc6 18.Bd4 Qe6 19.f4 Rbd8 20.Qd3 Nd7 21.Bxg7 Kxg7 22.b4 Nb6
23.b3 Qf6 24.Rf1 Qe7 25.Ra5 Kh7 26.Qg3 Rg8 27.h4 Rdf8 28.Raa1 f6 29.Rae1 Qg7
30.Re3 g5 31.hxg5 fxg5 32.f5 Qe5 33.Qxe5 dxe5 34.Nd5 Rf7 35.Rd1 Nd7 36.Bf1 Bxd5
37.exd5 Nf6 38.Be2 Re8 39.d6 cxd6 40.Rxd6 e4 41.Kf2 Kg7 42.c5 Re5 43.Rh3 a5
44.Ke3 axb4 45.Kd4 Ree7 46.Kc4 h5 47.gxh5 Re5 48.Kxb4 Rxf5 49.Bc4 Re7 50.Kc3 g4
51.Rh4 Kh7 52.Rh1 g3 53.Kd4 g2 54.Rg1 Rf2 55.Rxg2 Rxg2 56.Rxf6 e3 57.Bd3+ Kh8
58.Rf8+ Rg8 59.Rxg8+ Kxg8 60.Be2 Kh7 61.b4 Kh6 62.b5 Kg5 63.c6 bxc6 64.bxc6 Rc7
65.Kd5 Rxc6  1/2-1/2

[Event "Hans & Lenze"]
[Site "Lippstadt"]
[Date "1998.08.08"]
[Round "10"]
[White "Matthias, Heiner"]
[Black "Wehmeier, Stefan"]
[Result "1/2-1/2"]
[WhiteElo "2355"]
[BlackElo "2405"]

1.Nf3 Nf6 2.g3 g6 3.Bg2 Bg7 4.c4 O-O 5.Nc3 c5 6.d4 cxd4 7.Nxd4 Nc6 8.O-O Nxd4
9.Qxd4 d6 10.Qd3 Bf5 11.e4 Be6 12.b3 Qa5 13.Bd2 Qh5 14.Rad1 Ng4 15.h3 Ne5
16.Qe2 Qxe2 17.Nxe2 Nc6 18.Bc3 a6 19.Bxg7 Kxg7 20.Nd4 Nxd4 21.Rxd4 b5 22.cxb5 axb5
23.a4 bxa4 24.bxa4 Ra5 25.Ra1 Rc8 26.Bf1  1/2-1/2

[Event "Hampstead GM3"]
[Site "Hampstead"]
[Date "1998.08.12"]
[Round "3"]
[White "Szekely, Peter"]
[Black "Sashikiran, Krishnan"]
[Result "1/2-1/2"]
[WhiteElo "2465"]
[BlackElo "2470"]

1.Nf3 Nf6 2.c4 g6 3.g3 Bg7 4.Bg2 O-O 5.d4 d6 6.Nc3 Nbd7 7.O-O e5 8.e4 c6
9.b3 Qb6 10.Rb1 exd4 11.Nxd4 Re8 12.Be3 Qc7 13.Re1 h5 14.h3 a5 15.Qc2 Nc5
16.f3 Bd7 17.Rbd1 Rad8 18.Bf2 Nh7 19.Qd2 Nf8 20.Re2 Qc8 21.Kh2 Nfe6 22.Nxe6 Bxe6
23.Bd4 Bxd4 24.Qxd4 a4 25.e5 Bf5 26.g4 hxg4 27.hxg4 Bd3 28.Rxd3 dxe5 29.Qxc5 Rxd3
30.Ne4 Kg7 31.Nf2 Rdd8 32.bxa4 Qc7 33.Kg1 b6 34.Qe3 Rd4 35.Rc2 c5 36.Ne4 Qe7
37.Bf1 Qe6 38.g5 Qf5 39.Rc1 Rh8 40.Re1 Rh5 41.Bg2 Rh8 42.Bf1 Rh5 43.a3 Kf8
44.Bg2 Rh8 45.Bf1 Rh5 46.Bg2  1/2-1/2

[Event "ESP-ch"]
[Site "Linares"]
[Date "1998.08.12"]
[Round "1"]
[White "Granero Roca, Antonio"]
[Black "Esnaola Sansebastian, Ion"]
[Result "1-0"]
[WhiteElo "2370"]
[BlackElo "2065"]

1.c4 Nf6 2.Nf3 g6 3.g3 Bg7 4.Bg2 O-O 5.O-O c5 6.Nc3 Nc6 7.b3 d5 8.cxd5 Nxd5
9.Bb2 Nxc3 10.Bxc3 Bxc3 11.dxc3 Qc7 12.Qd5 Qa5 13.Ne5 Rb8 14.Nxc6 bxc6 15.Qe5 Be6
16.Bxc6 Rbd8 17.h4 h5 18.Bf3 Rd7 19.b4 Qc7 20.Qxc5 Qxc5 21.bxc5 Rd2 22.Rfb1 Rc8
23.Rb7 Rxc5 24.Rxa7 Rxc3 25.a4 Kf8 26.a5 Rcc2 27.Ra3 Ra2 28.Rc3 Rd1+ 29.Kg2 Rda1
30.Rc5 Bg4 31.Bxg4 hxg4 32.Rc8+ Kg7 33.Rxe7 Rxa5 34.Rcc7 Rf5 35.Rc4 Ra2 36.Rxg4 Kf6
37.Re3 Rb2 38.Rge4 Rb7 39.Rf3 Rb5 40.Rxf5+ Kxf5 41.Rf4+ Ke6 42.g4  1-0

[Event "Mislata op7th"]
[Site "Valencia"]
[Date "1998.08.16"]
[Round "4.2"]
[White "Spassov, Liuben"]
[Black "Coret Frasquet, Jose"]
[Result "1-0"]
[WhiteElo "2440"]
[BlackElo "2300"]

1.Nf3 Nf6 2.c4 g6 3.g3 Bg7 4.Bg2 O-O 5.O-O d6 6.d4 Bg4 7.Nc3 Nc6 8.d5 Na5
9.Nd2 c5 10.Qc2 a6 11.h3 Bd7 12.b3 b5 13.Bb2 bxc4 14.bxc4 Rb8 15.Nd1 Rb4
16.Bc3 Rb8 17.e4 e5 18.Ne3 Bh6 19.Rae1 Nb7 20.Kh2 Qe7 21.Qd1 Ne8 22.f4 f6
23.f5 Bxe3 24.Rxe3 g5 25.h4 h6 26.Rh1 Ng7 27.Bf3 gxh4 28.g4 Ne8 29.Kg2 Qg7
30.Rxh4 Qg5 31.Qe1 Nd8 32.Bd1 Nf7 33.Rh5 Qg7 34.Reh3 Nc7 35.Rh2 Rfc8 36.Qh1 Kf8
37.Rxh6 Qg5 38.Rg6 Qe3 39.Rh3  1-0

[Event "ESP-ch"]
[Site "Linares"]
[Date "1998.08.17"]
[Round "6"]
[White "Miguel, Victor"]
[Black "Larios Crespo, Manuel"]
[Result "1-0"]
[WhiteElo "2330"]
[BlackElo "2205"]

1.Nf3 Nf6 2.g3 g6 3.Bg2 Bg7 4.c4 O-O 5.O-O d6 6.Nc3 Nbd7 7.d4 e5 8.e4 exd4
9.Nxd4 Re8 10.h3 Nc5 11.Re1 c6 12.Rb1 a5 13.Bf4 Nh5 14.Be3 a4 15.b4 axb3
16.axb3 Ne6 17.Nde2 Qc7 18.Qd2 b6 19.Red1 Bf8 20.f4 Nf6 21.b4 Bb7 22.g4 Rad8
23.Ng3 d5 24.cxd5 g5 25.Qf2 gxf4 26.dxe6 fxe3 27.Qxf6 Rxd1+ 28.Nxd1 fxe6
29.Qg5+ Kh8 30.Qxe3 c5 31.b5 c4 32.Kh1 Bc5 33.Qc3+ e5 34.Qxc4 Qd7 35.Ne3 Qd2
36.Nd5 Rc8 37.Qc1 Qf2 38.Nh5 Bxd5 39.Qg5 Bf8 40.Qxe5+ Kg8 41.Qxd5+  1-0

[Event "ESP-ch"]
[Site "Linares"]
[Date "1998.08.18"]
[Round "7"]
[White "Miguel, Victor"]
[Black "Lezcano Jaen, Pedro"]
[Result "1-0"]
[WhiteElo "2330"]
[BlackElo "2425"]

1.Nf3 Nf6 2.g3 g6 3.Bg2 Bg7 4.c4 O-O 5.O-O d6 6.Nc3 c6 7.d4 Qa5 8.h3 Be6
9.d5 cxd5 10.Nd4 Bd7 11.cxd5 Rc8 12.Nb3 Qd8 13.Be3 a5 14.a4 Na6 15.Qd3 Nb4
16.Qd2 Be8 17.Bd4 Nd7 18.Bxg7 Kxg7 19.Nd4 Nc5 20.h4 e5 21.dxe6 fxe6 22.Bxb7 e5
23.Bxa8 Rxa8 24.Ndb5 d5 25.Qg5 Qxg5 26.hxg5 d4 27.Nc7 Rc8 28.Nxe8+ Rxe8 29.Nb5 Re7
30.Rfd1 Kf7 31.Ra3 Ne6 32.Nd6+ Kg7 33.Ne4 Rc7 34.Raa1 d3 35.exd3 Nd4 36.Kf1 Nbc2
37.Rab1 Kf7 38.Nd6+ Ke6 39.Nc4 e4 40.Ne3  1-0

[Event "Wch (Men) U26"]
[Site "Rotterdam"]
[Date "1998.08.19"]
[Round "8"]
[White "Jirovsky, Milos"]
[Black "Vouldis, Angelos"]
[Result "1-0"]
[WhiteElo "2435"]
[BlackElo "2475"]

1.Nf3 Nf6 2.c4 g6 3.g3 Bg7 4.Bg2 O-O 5.O-O d6 6.d4 Nbd7 7.Qc2 e5 8.Rd1 Qe7
9.Nc3 c6 10.e4 Re8 11.d5 c5 12.Rb1 b6 13.Ne1 Rf8 14.Nd3 Ne8 15.f3 f5 16.Be3 h5
17.Rf1 Nef6 18.Bg5 Qf7 19.Nb5 Ne8 20.f4 a6 21.Nc3 exf4 22.Nxf4 Ne5 23.Ne6  1-0

[Event "Hampstead IM3"]
[Site "Hampstead"]
[Date "1998.08.20"]
[Round "10"]
[White "Adrian, Claude"]
[Black "Whiteley, Andrew J"]
[Result "0-1"]
[WhiteElo "2310"]
[BlackElo "2240"]

1.Nf3 Nf6 2.c4 g6 3.g3 Bg7 4.Bg2 O-O 5.d4 d5 6.cxd5 Nxd5 7.O-O Nb6 8.Nc3 Nc6
9.d5 Na5 10.e4 c6 11.h3 cxd5 12.exd5 Nac4 13.Qe2 Re8 14.Rd1 h6 15.Nd4 Bd7
16.Ne6 Qc8 17.Nxg7 Kxg7 18.b3 Nd6 19.Qd2 Rh8 20.Bb2 f6 21.Re1 Qd8 22.Ne2 Nbc8
23.Nf4 h5 24.Re2 a5 25.Rae1 a4 26.bxa4 Rxa4 27.Qc2 Qe8 28.Ne6+ Bxe6 29.Rxe6 Rc4
30.Qd2 Qf7 31.Bf1 Rc7 32.Bd3 Kf8 33.Qf4 g5 34.Qf3 Kg7 35.h4 gxh4 36.gxh4 Rg8
37.Kh2 Ne8 38.Bc1 Kh8 39.R6e5 Rg4 40.Kh3 Rc3 41.R5e3 Ng7 42.Bb2 Rc7 43.Re5 Rb4
44.R5e2 Rg4 45.Be5 Rd7 46.d6 Qe6 47.Bg3 Rxg3+ 48.Kxg3 Qxd6+ 49.Kg2 Qxd3 50.Re3 Qg6+
51.Qg3 Qxg3+ 52.fxg3 Rd2+ 53.R1e2 Rxe2+ 54.Rxe2 Nf5 55.a4 Ncd6 56.a5 Kg8
57.Ra2 Kf7 58.Kh3 Ke6 59.a6 bxa6 60.Rxa6 Ne3 61.Ra8 Kf7 62.Rh8 Kg6 63.Rg8+ Kh7
64.Ra8 Ndf5 65.Rb8 Kg7 66.Rb3 Kf7 67.Rb8 e5 68.Rb7+ Kg6 69.Rb8 Ng4 70.Rg8+ Kf7
71.Rh8 Ng7 72.Ra8 e4 73.Kg2 f5 74.Ra6 Ne6 75.Ra7+ Kf6 76.Rh7 e3 77.Kf3 Nd4+
78.Kf4 e2  0-1

[Event "FRA-ch"]
[Site "Meribel"]
[Date "1998.08.20"]
[Round "7"]
[White "Prie, Eric"]
[Black "Chabanon, Jean Luc"]
[Result "1-0"]
[WhiteElo "2465"]
[BlackElo "2490"]

1.Nf3 Nf6 2.c4 g6 3.g3 Bg7 4.Bg2 O-O 5.O-O c5 6.d4 cxd4 7.Nxd4 Nc6 8.Nc2 d6
9.Nc3 Be6 10.b3 Qd7 11.Bb2 Bh3 12.Rb1 Bxg2 13.Kxg2 e6 14.e4 Rad8 15.Ne3 a6
16.a4 Ne7 17.Re1 Qc6 18.Kg1 h5 19.Ng2 Qc5 20.Nf4 Nc6 21.Nd3 Qa5 22.Rc1 Ng4
23.Kg2 Qb6 24.Ba1 Bd4 25.Re2 Nce5 26.h3 Nxd3 27.Qxd3 Ne5 28.Qd1 Nc6 29.Rd2 f5
30.a5 Qa7 31.exf5 Rxf5 32.Ne4 e5 33.b4 b6 34.b5 axb5 35.cxb5 Nxa5 36.Rxd4 exd4
37.Qxd4 Kh7 38.Nf6+ Kh6 39.Qe3+ g5 40.Qe6  1-0

[Event "Wiesbaden op"]
[Site "Wiesbaden"]
[Date "1998.08.25"]
[Round "5"]
[White "Schmidt, Jan Peter"]
[Black "Richter, Christian"]
[Result "1-0"]
[WhiteElo "2300"]
[BlackElo "2085"]

1.Nf3 Nf6 2.c4 g6 3.g3 Bg7 4.Bg2 O-O 5.O-O d6 6.Nc3 Nc6 7.d4 Rb8 8.Re1 a6
9.Rb1 e5 10.d5 Ne7 11.c5 b5 12.cxb6 Rxb6 13.e4 c6 14.dxc6 Rxc6 15.Bg5 Be6
16.Qd2 Qd7 17.Red1 Rb8 18.Ne1 Qc7 19.Rbc1 h6 20.Bxf6 Bxf6 21.h4 Bg7 22.Nd3 Qb6
23.b3 Rd8 24.Na4 Qb8 25.Nb4 Rxc1 26.Rxc1 Qa8 27.Rc7 Bf8 28.Qe3 Nc8 29.Nb6 Qb8
30.N6d5 Bxd5 31.Nxd5 Bg7 32.Bh3 Kh8 33.Rxf7 Rf8 34.Qf3  1-0

[Event "CRO-chT"]
[Site "Porec"]
[Date "1998.09.06"]
[Round "2"]
[White "Cvitan, Ognjen"]
[Black "Martic, Zlatko"]
[Result "1/2-1/2"]
[WhiteElo "2525"]
[BlackElo "2305"]

1.Nf3 Nf6 2.c4 g6 3.g3 Bg7 4.Bg2 O-O 5.d4 d6 6.O-O c5 7.b3 Nc6 8.Bb2 cxd4
9.Nxd4 Bd7 10.Nc2 a6 11.Nc3 Qa5 12.h3 Rab8 13.Nd5 Nxd5 14.Bxg7 Nc3 15.Bxc3 Qxc3
16.Ne3 Be6 17.Rc1 Qa5 18.Qc2 Rfc8 19.Qb2 Qh5 20.h4 Qe5 21.Qd2 Qd4 22.Rfd1 Qxd2
23.Rxd2 Ne5 24.Rdc2 b6 25.Nd5 Bxd5 26.cxd5 Rc5 27.b4 Rb5 28.a3 a5 29.f4 Ng4
30.Bf3 Ne3 31.Rc3 Nf5 32.Rb1 Nd4 33.e4 Nxf3+ 34.Rxf3 Rc8 35.Re3 Rc4 36.Kf2 axb4
37.Rb2 Kf8 38.Ke2 f5 39.exf5 gxf5 40.Reb3 Rxd5 41.Rxb4 Rxb4 42.Rxb4 b5 43.a4 bxa4
44.Rxa4 Kf7 45.Ra8 e5 46.fxe5 dxe5 47.Ra6 Rb5 48.h5 Rb2+ 49.Ke3 Rh2 50.Ra7+  1/2-1/2

[Event "Karl Wagner mem 5th"]
[Site "Graz"]
[Date "1998.09.07"]
[Round "3.26"]
[White "Stuhlik, Marko"]
[Black "Wallner, Dieter"]
[Result "1-0"]
[WhiteElo "2240"]
[BlackElo "2110"]

1.Nf3 Nf6 2.g3 g6 3.Bg2 Bg7 4.c4 O-O 5.d4 d6 6.O-O Nbd7 7.Nc3 e5 8.h3 c6
9.dxe5 dxe5 10.Be3 Qe7 11.Qb3 b6 12.Ng5 Bb7 13.Rfd1 h6 14.Nge4 Nxe4 15.Nxe4 c5
16.Bxh6 f5 17.Qa4 Nb8 18.Bg5 Qc7 19.Nc3 Bxg2 20.Kxg2 Nc6 21.e3 Kh7 22.f3 Rae8
23.Nb5  1-0

[Event "CRO-chT"]
[Site "Porec"]
[Date "1998.09.09"]
[Round "4"]
[White "Cvitan, Ognjen"]
[Black "Fercec, Nenad"]
[Result "1/2-1/2"]
[WhiteElo "2525"]
[BlackElo "2490"]

1.Nf3 Nf6 2.c4 g6 3.g3 Bg7 4.Bg2 O-O 5.O-O d5 6.cxd5 Nxd5 7.d4 Nb6 8.Nc3 Nc6
9.e3 Re8 10.d5 Na5 11.Nd4 Bd7 12.Nb3 Nxb3 13.Qxb3 c6 14.dxc6 Bxc6 15.Rd1 Qc8
16.e4 Qe6 17.Be3 Red8 18.Rxd8+ Rxd8 19.Nd5 Nxd5 20.exd5 Rxd5 21.Bxa7 Ra5  1/2-1/2